| 000 | 00841nam a22002897a 4500 | ||
|---|---|---|---|
| 001 | 00021 | ||
| 003 | DO-SdBNP | ||
| 005 | 20240319120029.0 | ||
| 007 | 00021 | ||
| 008 | 160627b2008 cl |||| 00| 0 spa d | ||
| 020 | _a9789587047394 | ||
| 040 |
_aBPMSU _bspa _cBPMSU |
||
| 082 | 4 |
_a863.6 _bM778i 2008 _222 |
|
| 092 |
_axxxxxx _bxxxxxx |
||
| 100 | 1 |
_aMontero, Rosa, _d1951- |
|
| 245 | 1 | 0 |
_aInstrucciones para salvar el mundo / _cRosa Montero. |
| 260 |
_aBogotá : _bAlfaguara, _c2008 |
||
| 300 |
_a312 p. _c24 cm. |
||
| 500 | _aIncluye datos biográficos de la autora en la solapa de la cubierta. | ||
| 590 | _aInventariado, 2024/VM | ||
| 600 | _a | ||
| 650 | 4 | _aNovela española. | |
| 650 | 4 |
_aVida cotidiana _vNovela. |
|
| 650 | 4 | _aNovela humorística | |
| 910 | _aLOPEREZ/ VMateo V. Control de calidad. BPMSU | ||
| 942 |
_2ddc _cBK |
||
| 999 |
_c10587 _d10587 |
||